[Event "GER-chT U12"]
[Site "Verden"]
[Date "2000.12.30"]
[Round "7.4"]
[White "Spitznagel, Frank"]
[Black "Lat, David"]
[Result "0-1"]
[WhiteElo "901"]
[BlackElo "946"]
[PlyCount "42"]
[EventDate "2000.12.26"]
[EventType "team-tourn"]
[EventRounds "7"]
[EventCountry "GER"]
[SourceTitle "EXT 2008"]
[Source "ChessBase"]
[SourceDate "2007.11.25"]
[SourceVersion "1"]
[SourceVersionDate "2007.11.25"]
[SourceQuality "1"]
[WhiteTeam "Limburgerhof U12"]
[BlackTeam "Makkabi Berlin U12"]
[WhiteTeamCountry "GER"]
[BlackTeamCountry "GER"]

1. d4 Nf6 2. c4 c5 3. Nf3 Nc6 4. Bg5 g6 5. e3 Bg7 6. Nc3 0-0 7. Bd3 Qb6 8. dxc5 Qxc5 9. Qc2 d6 10. 0-0 Bg4 11. Nd2 Qxg5 12. Nde4 Nxe4 13. Nxe4 Qa5 14. f3 Bd7 15. Kh1 Rac8 16. b3 Bxa1 17. Rxa1 Qe5 18. Re1 Nb4 19. Qd2 Nxd3 20. Qxd3 Bf5 21. Re2 Qa1+ 0-1